Ecosystems / (Record no. 22000)

MARC details
000 -LEADER
fixed length control field 04630cam a22005177a 4500
005 - DATE AND TIME OF LATEST TRANSACTION
control field 20090121145028.0
008 - FIXED-LENGTH DATA ELEMENTS--GENERAL INFORMATION
fixed length control field 040928s2004 dcuab j b 001 0 eng d
010 ## - LCCN (DPL NO)
LC control number B-330229-243
020 ## - INTERNATIONAL STANDARD BOOK NUMBER
International Standard Book Number 9788179912973
Terms of availability 55.00
035 ## - SYSTEM CONTROL NUMBER
System control number B-358506
037 ## - SOURCE OF ACQUISITION
Source of stock number/acquisition Publisher
040 ## - CATALOGING SOURCE
Original cataloging agency dpl
Language of cataloging English
082 ## - DEWEY DECIMAL CLASSIFICATION NUMBER
Classification number 577.44
100 ## - MAIN ENTRY--PERSONAL NAME
Personal name Finton, Nancy
245 ## - TITLE STATEMENT
Title Ecosystems /
Statement of responsibility, etc by Nancy Finton
260 ## - PUBLICATION, DISTRIBUTION, ETC. (IMPRINT)
Place of publication, distribution, etc Mumbai
Name of publisher, distributor, etc Popular Prakashan
Date of publication, distribution, etc c2004.
300 ## - PHYSICAL DESCRIPTION
Extent 32p.
Other physical details col. ill., col. map
Dimensions 23cm. (pbk)
440 ## - SERIES STATEMENT/ADDED ENTRY--TITLE
Title Life science
500 ## - GENERAL NOTE
General note Originally published by National Geographic under the reading expeditions series
504 ## - BIBLIOGRAPHY, ETC. NOTE
Bibliography, etc Includes bibliographical references (p. 30) and index.
520 ## - SUMMARY, ETC.
Summary, etc Studies prairies and savannas as examples of grassland ecosystems.
650 ## - SUBJECT ADDED ENTRY--TOPICAL TERM
Topical term or geographic name as entry element Grassland ecology
Form subdivision Juvenile literature.
650 ## - SUBJECT ADDED ENTRY--TOPICAL TERM
Topical term or geographic name as entry element Prairie ecology
Form subdivision Juvenile literature.
650 ## - SUBJECT ADDED ENTRY--TOPICAL TERM
Topical term or geographic name as entry element Biotic communities
Form subdivision Juvenile literature.
710 ## - ADDED ENTRY--CORPORATE NAME
Corporate name or jurisdiction name as entry element National Geographic Society (U.S.)
942 ## - ADDED ENTRY ELEMENTS (KOHA)
Source of classification or shelving scheme Dewey Decimal Classification
Item type Children Books
Classification part 577.44
Call number suffix FIN
Holdings
Withdrawn status Lost status Source of classification or shelving scheme Damaged status Not for loan Collection code Home library Current library Date acquired Source of acquisition Cost, normal purchase price Total Checkouts Full call number Barcode Date last seen Copy number Cost, replacement price Koha item type Total Renewals
    Dewey Decimal Classification     Non-fiction Bagh Kadhe Khan Bagh Kadhe Khan 06/07/2009 Popular/0114/4.5.09/8/23.4.09/3.6.09 55.00 1 577.44 FIN B-330239 01/04/2023 1 55.00 Children Books 1
    Dewey Decimal Classification     Non-fiction Bawana Bawana 06/07/2009 Popular/0114/4.5.09/8/23.4.09/3.6.09 55.00   577.44 FIN B-330241 06/07/2009 1 55.00 Children Books  
    Dewey Decimal Classification     Non-fiction Central Library Central Library 06/07/2009 Popular/0114/4.5.09/8/23.4.09/3.6.09 55.00   577.44 FIN B-330232 06/07/2009 1 55.00 Children Books  
Withdrawn   Dewey Decimal Classification     Non-fiction Janak Puri Janak Puri 19/09/2009 Popular/I/09-10/0562/10.9.09/85/2.9.09/16.9.09 55.00 22 577.44 FIN B-358506 23/07/2016 1 55.00 Children Books  
    Dewey Decimal Classification     Non-fiction Karol Bagh Karol Bagh 06/07/2009 Popular/0114/4.5.09/8/23.4.09/3.6.09 55.00   577.44 FIN B-330238 06/07/2009 1 55.00 Children Books  
    Dewey Decimal Classification     Non-fiction Kasturba Gandhi Marg Kasturba Gandhi Marg 06/07/2009 Popular/0114/4.5.09/8/23.4.09/3.6.09 55.00   577.44 FIN B-330234 06/07/2009 1 55.00 Children Books  
    Dewey Decimal Classification     Non-fiction Mobile Library Mobile Library 06/07/2009 Popular/0114/4.5.09/8/23.4.09/3.6.09 55.00   577.44 FIN B-330229 06/07/2009 2 55.00 Children Books  
    Dewey Decimal Classification     Non-fiction Mobile Library Mobile Library 06/07/2009 Popular/0114/4.5.09/8/23.4.09/3.6.09 55.00   577.44 FIN B-330230 06/07/2009 2 55.00 Children Books  
    Dewey Decimal Classification     Non-fiction Narela Narela 06/07/2009 Popular/0114/4.5.09/8/23.4.09/3.6.09 55.00   577.44 FIN B-330240 06/07/2009 1 55.00 Children Books  
    Dewey Decimal Classification     Non-fiction New Police Line New Police Line 06/07/2009 Popular/0114/4.5.09/8/23.4.09/3.6.09 55.00   577.44 FIN B-330231 06/07/2009 1 55.00 Children Books  
    Dewey Decimal Classification     Non-fiction Patel Nagar Patel Nagar 06/07/2009 Popular/0114/4.5.09/8/23.4.09/3.6.09 55.00   577.44 FIN B-330233 06/07/2009 1 55.00 Children Books  
    Dewey Decimal Classification     Non-fiction Peshwa Road Peshwa Road 06/07/2009 Popular/0114/4.5.09/8/23.4.09/3.6.09 55.00   577.44 FIN B-330235 06/07/2009 1 55.00 Children Books  
    Dewey Decimal Classification     Non-fiction R.C.Libraries (BL-III) R.C.Libraries (BL-III) 06/07/2009 Popular/0114/4.5.09/8/23.4.09/3.6.09 55.00   577.44 FIN B-330243 06/07/2009 1 55.00 Children Books  
    Dewey Decimal Classification     Non-fiction Sarojini Nagar Sarojini Nagar 06/07/2009 Popular/0114/4.5.09/8/23.4.09/3.6.09 55.00   577.44 FIN B-330236 06/07/2009 1 55.00 Children Books  
  Written-off vide DLB M. No. 383 dt 16.05.19 Dewey Decimal Classification     Non-fiction Shahdara Branch Shahdara Branch 06/07/2009 Popular/0114/4.5.09/8/23.4.09/3.6.09 55.00   577.44 FIN B-330242 06/07/2009 1 55.00 Children Books  
    Dewey Decimal Classification     Non-fiction Vinoba Puri Vinoba Puri 06/07/2009 Popular/0114/4.5.09/8/23.4.09/3.6.09 55.00 3 577.44 FIN B-330237 28/01/2013 1 55.00 Children Books  

© Delhi Public Library
Hit Counter
free hit counter